000 00688nam a2200253Ia 4500
003 OSt
005 20221005034848.0
006 a|||||r|||| 00| 0
007 ta
008 221004b |||||||| |||| 00| 0 eng d
024 _a71847
037 _cTextual
040 _aCRL
_cCRL
_beng
041 _2eng
_aeng
082 _aY15:41.2, N2
100 _aParikh J. C.
_9135008
245 0 _aDrug addiction
_b A psychosocial study of youth
260 _aDelhi
_bFriends India
_c1992
300 _a278p.
_ccm.
650 _aSOCIOLOGY
700 _a Krishna K. S.
_9135009
942 _hY15:41.2, N2
_cTEXL
_2cc
999 _c944212
_d944212